000 00477nam a2200181Ia 4500
005 20250508154936.0
008 008 250505s9999 xx 000 0 hin d
037 _aTextual
040 _aFEDL
_beng
_cFEDL
041 _ahin
_2hin
084 _a891.43, BAC
_qFEDL
100 _aBachchan Tr.
_9766438
245 0 _aNagar gita
260 _aDelhi, India
_bRajpal and Sons
_c1966
300 _a178p.
942 _cTEXL
_h891.43, BAC
999 _c1353011
_d1353011